000 00930nam a22003011a 4500
001 37254
003 BD-RjUL
005 20211209052607.0
008 141117r19801977enk 001 0 eng d
020 _a0285648969
_z0285648950
035 _a(BD-RjUL)37356
035 _a3009262
040 _aAUC
_beng
_cAUC
_dAUC
_dBD-RjUL
041 _aeng
082 _222
_a338.19
_bLAF 1980
100 1 _aLappe, Frances Moore.
_9114117
245 1 0 _aFood first :
_bthe myth of scarcity /
_c[by] Frances Moore Lappe and Joseph Collins.
250 _a[Revised updated ed.].
260 _aLondon :
_bSouvenir Press,
_c1980.
300 _a416p. ;
_c23cm.
500 _a'A Condor book'.
500 _aPrevious ed.: Boston: Houghton Mifflin, 1977.
504 _aIncludes bibliography:( p. 356-365) and index.
650 0 _aFood supply.
_9114118
700 1 _aCollins, Joseph.
_9114119
942 _2ddc
_cBK
999 _c37254
_d37254